|
|
|
|
| LEADER |
00759naa a2200193 i 4500 |
| 001 |
publ15493 |
| 005 |
20190521093630.0 |
| 008 |
190521s2014 hu o 0|| magyar d |
| 020 |
|
|
|a 9789633063132
|
| 024 |
7 |
|
|a 2743228
|2 mtmt
|
| 040 |
|
|
|a SZTE Publicatio Repozitórium
|b hun
|
| 041 |
|
|
|a magyar
|
| 100 |
1 |
|
|a Karsai Krisztina
|
| 245 |
1 |
2 |
|a A törvényesség elve az európai büntetőjogi jogalkotásban
|h [elektronikus dokumentum] /
|c Karsai Krisztina
|
| 260 |
|
|
|a Szegedi Tudományegyetem Állam- és Jogtudományi Kar
|b Szeged
|c 2014
|
| 300 |
|
|
|a 14
|
| 300 |
|
|
|a 255-268
|
| 490 |
0 |
|
|a Ünnepi kötet Dr. Molnár Imre egyetemi tanár 80. születésnapjára
|
| 856 |
4 |
0 |
|u http://publicatio.bibl.u-szeged.hu/15493/1/Karsai_Krisztina_kulonlenyomat.pdf
|z Dokumentum-elérés
|